Sports Quiz

Random Sports or MLB Quiz

Teams with Back-to-Back World Series Wins Quiz Stats

 Plays Quiz Updated Oct 22, 2014

Challenge
Share
Tweet
Embed
Score 0/7 Timer 01:00
0 Plays Today
Team % Correct
Yankees
99%
Reds
91.8%
Red Sox
82.9%
Giants
80%
Athletics
73.1%
Cubs
71.9%
Blue Jays
62.6%

You're not logged in!

Compare scores with friends on all Sporcle quizzes.
OR
Log In

You Might Also Like...

Show Comments

Extras

Top Quizzes Today


Score Distribution

Your Account Isn't Verified!

In order to create a playlist on Sporcle, you need to verify the email address you used during registration. Go to your Sporcle Settings to finish the process.

Report this User

Report this user for behavior that violates our Community Guidelines.

Details: